01406nam a22002417a 450000500170000000800410001702000150005804000090007304100080008208200210009010000250011124500250013626000360016130000290019744000100022652007020023665000380093865000230097670000270099994200120102699900190103895201070105720220413114650.0220413b ||||| |||| 00| 0 eng d a0701205105 cAloy aeng 223a192.08bBERP aIsaiah Berlin929838 aPersonal impressions aLondonbThe Hogarth Pressc1981 axxx,219 p.bHBc22x14 cm vVol.4 aWinston Churchill, Franklin D. Roosevelt, Virginia Woolf, Aldous Huxley, Albert Einstein, Boris Pasternak and Anna Akhmatova: Isaiah Berlin’s Personal Impressions collects the essayist and intellectual historian’s most remarkable portraits of prominent twentieth-century thinkers, writers and politicians. For this third, enlarged edition, ten new pieces have been added, including portraits of David Ben-Gurion, Maynard and Lydia Keynes, and Stephen Spender, as well as Berlin's autobiographical reflections on Jewish Oxford and his Oxford undergraduate years. Rich and enlightening, Personal Impressions is a vibrant demonstration of Berlin's belief that ideas truly live only through people aPhilosophy Collected Works929829 aPoliticians929830 aBERLIN (Isaiah)929831 2ddccGF c222418d222418 00102ddc40708OTHaALbALd2013-03-24l0o192.08 BERPpGF02004r2022-04-13 00:00:00w2022-04-13yGF